[Event "34. Copenhagen Open (Politiken Cup)"]
[Site "Elsinore"]
[Date "2012.07.31"]
[Round "5"]
[White "Pedersen, Jan Kaas"]
[Black "Hinrichs, Lars"]
[Result "0-1"]
[WhiteElo "2044"]
[BlackElo "1877"]
[PlyCount "92"]
[EventDate "2012.07.28"]
[EventType "swiss"]
[EventRounds "10"]
[EventCountry "DEN"]
[Source "ChessBase"]
[SourceDate "2012.08.24"]

1. d4 Nf6 2. Nf3 g6 3. Bg5 Bg7 4. Nbd2 d5 5. e3 O-O 6. Bd3 c5 7. c3 b6 8. Ne5
Bb7 9. h4 Ne4 10. Bf4 Nd7 11. f3 Nxe5 12. Bxe5 f6 13. fxe4 fxe5 14. dxc5 d4 15.
Nf3 Bh6 16. exd4 exd4 17. Nxd4 bxc5 18. Nf3 Qc7 19. O-O Rf4 20. Qe2 Raf8 21.
Rad1 Kh8 22. Rf2 Qb6 23. c4 Bg7 24. Rdf1 Qd6 25. e5 Qd7 26. h5 Qg4 27. hxg6
hxg6 28. Nh2 Qxe2 29. Rxe2 g5 30. b3 Kg8 31. Re3 Kf7 32. g3 Rxf1+ 33. Nxf1 Ke6
34. Be2 Bxe5 35. Bg4+ Kd6 36. Rd3+ Bd4+ 37. Ne3 Be4 38. Rxd4+ cxd4 39. Nd1 Bf3
40. Nf2 Bxg4 41. Nxg4 e5 42. Nf2 Rf3 43. Ne4+ Ke7 44. Kg2 Re3 45. Nxg5 d3 46.
Nf3 d2 0-1

[Event "34. Copenhagen Open (Politiken Cup)"]
[Site "Elsinore"]
[Date "2012.07.31"]
[Round "5"]
[White "Petersen, Jan Han"]
[Black "Rasmussen, Henning Lau"]
[Result "0-1"]
[WhiteElo "1632"]
[BlackElo "1789"]
[PlyCount "80"]
[EventDate "2012.07.28"]
[EventType "swiss"]
[EventRounds "10"]
[EventCountry "DEN"]
[Source "ChessBase"]
[SourceDate "2012.08.24"]

1. d4 Nf6 2. c4 c5 3. d5 b5 4. cxb5 a6 5. bxa6 g6 6. Nc3 Bxa6 7. g3 d6 8. Bg2
Bg7 9. Nf3 O-O 10. O-O Nbd7 11. Rb1 Qa5 12. Qd2 Rfb8 13. b3 Ne8 14. Bb2 Nc7 15.
Rfe1 Ne5 16. Nxe5 Bxe5 17. f4 Bd4+ 18. e3 Bg7 19. Qc2 c4 20. Ba1 cxb3 21. Rxb3
Nb5 22. Rc1 Rc8 23. Qd2 Rc7 24. Bf1 Nxc3 25. Bxc3 Bxc3 26. Rbxc3 Rxc3 27. Rxc3
Bb7 28. Rd3 Qxa2 29. Qxa2 Rxa2 30. Bg2 Ra1+ 31. Kf2 Ra2+ 32. Kf3 e6 33. e4 exd5
34. exd5 Ba6 35. Re3 Rd2 36. Re8+ Kg7 37. Re2 Bxe2+ 38. Ke3 Rb2 39. Be4 Ba6 40.
Bd3 Rb3 0-1

[Event "34. Copenhagen Open (Politiken Cup)"]
[Site "Elsinore"]
[Date "2012.07.31"]
[Round "5"]
[White "Petersen, Peter Birk"]
[Black "Teplyi, Igor"]
[Result "0-1"]
[WhiteElo "2155"]
[BlackElo "2388"]
[PlyCount "75"]
[EventDate "2012.07.28"]
[EventType "swiss"]
[EventRounds "10"]
[EventCountry "DEN"]
[Source "ChessBase"]
[SourceDate "2012.08.24"]

1. e4 c5 2. Nf3 d6 3. d4 cxd4 4. Nxd4 Nf6 5. Nc3 a6 6. Be2 e5 7. Nb3 Be7 8. O-O
O-O 9. a4 Be6 10. Be3 Nbd7 11. a5 Qc7 12. Qd2 Rac8 13. f3 Rfd8 14. Rfd1 h6 15.
Nc1 d5 16. exd5 Nf8 17. Nd3 Nxd5 18. Nxd5 Rxd5 19. Rdc1 Ng6 20. c4 Rd7 21. Qe1
f5 22. b4 Bf7 23. Bf1 Bf6 24. Nc5 Re7 25. Ra2 e4 26. fxe4 fxe4 27. Rd2 Rce8 28.
Qd1 Be5 29. h3 Bf4 30. Rc3 Qe5 31. Rb3 Qg5 32. Qe1 Nh4 33. Bxf4 Qxf4 34. Re3
Nf5 35. Ra3 e3 36. Rc2 Nd4 37. Rca2 Nf5 38. Rb2 0-1

[Event "34. Copenhagen Open (Politiken Cup)"]
[Site "Elsinore"]
[Date "2012.07.31"]
[Round "5"]
[White "Petersen, Steen"]
[Black "Hansen, Rasmus Agertoft"]
[Result "1/2-1/2"]
[WhiteElo "2129"]
[BlackElo "1946"]
[PlyCount "94"]
[EventDate "2012.07.28"]
[EventType "swiss"]
[EventRounds "10"]
[EventCountry "DEN"]
[Source "ChessBase"]
[SourceDate "2012.08.24"]

1. e4 d6 2. d4 Nf6 3. Nc3 g6 4. Be3 c6 5. Qd2 b5 6. Bd3 a5 7. Nf3 Nbd7 8. e5
dxe5 9. dxe5 Ng4 10. e6 fxe6 11. O-O-O Nxe3 12. Qxe3 Qb6 13. Qxe6 Nf6 14. Qe5
Bh6+ 15. Kb1 O-O 16. h3 Bg7 17. Qe2 Nh5 18. Ne4 Nf4 19. Qd2 Nxg2 20. Neg5 Ra7
21. Nxh7 Rxf3 22. Bxg6 Rd7 23. Qg5 Rxd1+ 24. Rxd1 Nf4 25. Be4 Rxf2 26. Qxe7 Ne6
27. Qe8+ Nf8 28. Qh5 Nxh7 29. Bxh7+ Kf8 30. c3 c5 31. Qh4 Bf5+ 32. Bxf5 Rxf5
33. Rd8+ Kf7 34. Rd7+ Kg8 35. Qe4 Qg6 36. Rd8+ Kh7 37. Re8 Rf1+ 38. Kc2 Qxe4+
39. Rxe4 Rf2+ 40. Kc1 b4 41. Rc4 bxc3 42. bxc3 Rxa2 43. Rxc5 Bf8 44. Rf5 Kg7
45. Kb1 Rh2 46. Rxa5 Rxh3 47. Kc2 Kf7 1/2-1/2

[Event "34. Copenhagen Open (Politiken Cup)"]
[Site "Elsinore"]
[Date "2012.07.31"]
[Round "5"]
[White "Philipsen, William Horup"]
[Black "Skjoldager, Per"]
[Result "0-1"]
[WhiteElo "1905"]
[BlackElo "2062"]
[PlyCount "74"]
[EventDate "2012.07.28"]
[EventType "swiss"]
[EventRounds "10"]
[EventCountry "DEN"]
[Source "ChessBase"]
[SourceDate "2012.08.24"]

1. e4 c6 2. d4 d5 3. Nc3 dxe4 4. f3 Nf6 5. fxe4 e6 6. Nf3 Be7 7. Bd3 Nbd7 8.
O-O O-O 9. Bg5 h6 10. Bf4 Re8 11. Qd2 Bf8 12. Rad1 a6 13. Qf2 c5 14. e5 Nd5 15.
Nxd5 exd5 16. Nh4 cxd4 17. Nf5 Re6 18. Qg3 Qb6 19. Nd6 Nc5 20. Nxf7 Nxd3 21.
Rxd3 Rg6 22. Qf2 Bf5 23. Rb3 Qc6 24. Bg3 Bxc2 25. Rf3 Bc5 26. Kh1 Be4 27. Rb3
d3 28. Qf4 Rf8 29. Rc3 Bxg2+ 30. Kxg2 d4+ 31. Kh3 Qe6+ 32. Qf5 dxc3 33. Qxe6
Rxe6 34. Nd8 Rxf1 35. Nxe6 Be7 36. Kg2 d2 37. Kxf1 d1=Q+ 0-1

[Event "34. Copenhagen Open (Politiken Cup)"]
[Site "Elsinore"]
[Date "2012.07.31"]
[Round "5"]
[White "Portisch, Lajos"]
[Black "Marttala, Thomas"]
[Result "1/2-1/2"]
[WhiteElo "2520"]
[BlackElo "2193"]
[PlyCount "121"]
[EventDate "2012.07.28"]
[EventType "swiss"]
[EventRounds "10"]
[EventCountry "DEN"]
[Source "ChessBase"]
[SourceDate "2012.08.24"]

1. d4 Nf6 2. c4 g6 3. Nc3 d5 4. Nf3 Bg7 5. e3 O-O 6. Qb3 c6 7. Bd2 e6 8. Bd3
Nbd7 9. O-O dxc4 10. Qxc4 e5 11. Bc2 Nb6 12. Qe2 exd4 13. Nxd4 Re8 14. Rfd1
Nbd5 15. Nxd5 Nxd5 16. Qc4 Qh4 17. Be1 Nb6 18. Qf1 Qh5 19. Rab1 Bg4 20. f3 Bd7
21. Bf2 Nd5 22. e4 Nf4 23. Nb3 Bh3 24. g4 Bxf1 25. gxh5 Be2 26. Rd7 Bxf3 27.
hxg6 hxg6 28. Nd2 Bg4 29. Rxb7 Nh3+ 30. Kg2 Nxf2 31. Kxf2 Rab8 32. Rxb8 Rxb8
33. Nc4 Be6 34. b3 Kf8 35. Kf3 Ke7 36. Rd1 Rh8 37. Kg2 Rh5 38. Rd2 Bh3+ 39. Kg3
Be6 40. Kg2 Bh6 41. Rd3 Bf4 42. h3 f5 43. exf5 Bd5+ 44. Kf2 gxf5 45. Ne3 Be6
46. Bd1 Rh8 47. Bf3 Bd7 48. Bg2 Bd6 49. Bxc6 Be6 50. Bg2 Rc8 51. Ke2 Be5 52.
Bd5 Rg8 53. Nc4 Bf4 54. Rd4 Bc7 55. Bxe6 Kxe6 56. Rh4 Rg2+ 57. Kf3 Rxa2 58.
Rh6+ Kd7 59. Rf6 Rh2 60. Rf7+ Kc6 61. Rf6+ 1/2-1/2

[Event "34. Copenhagen Open (Politiken Cup)"]
[Site "Elsinore"]
[Date "2012.07.31"]
[Round "5"]
[White "Poulsen, Iver"]
[Black "Fjellengen, Baard"]
[Result "1-0"]
[WhiteElo "2081"]
[BlackElo "1928"]
[PlyCount "81"]
[EventDate "2012.07.28"]
[EventType "swiss"]
[EventRounds "10"]
[EventCountry "DEN"]
[Source "ChessBase"]
[SourceDate "2012.08.24"]

1. e4 e5 2. Nf3 Nf6 3. d3 Nc6 4. Be2 Bc5 5. c3 d6 6. h3 a6 7. a3 O-O 8. Bg5 h6
9. Bh4 Be6 10. d4 exd4 11. cxd4 g5 12. Bg3 Nxe4 13. dxc5 Nxc5 14. Nbd2 Qf6 15.
b4 Na4 16. Ne4 Qg7 17. O-O Nb2 18. Qd2 f5 19. Nc3 Nc4 20. Bxc4 Bxc4 21. Rfe1 f4
22. Bh2 b5 23. Kh1 Kh8 24. Ne4 d5 25. Nc5 Rae8 26. Rad1 d4 27. Rxe8 Rxe8 28.
Re1 Rd8 29. Bg1 g4 30. hxg4 Qxg4 31. Nh2 Qg5 32. f3 a5 33. Ne6 Bxe6 34. Rxe6
Rd6 35. Rxd6 cxd6 36. Bxd4+ Kg8 37. Bc3 axb4 38. axb4 d5 39. Ng4 Qh4+ 40. Kg1
Qg5 41. Qxd5+ 1-0

[Event "34. Copenhagen Open (Politiken Cup)"]
[Site "Elsinore"]
[Date "2012.07.31"]
[Round "5"]
[White "Randlov, Carsten"]
[Black "Andersen, Finn"]
[Result "0-1"]
[WhiteElo "1860"]
[BlackElo "2036"]
[PlyCount "30"]
[EventDate "2012.07.28"]
[EventType "swiss"]
[EventRounds "10"]
[EventCountry "DEN"]
[Source "ChessBase"]
[SourceDate "2012.08.24"]

1. d4 Nf6 2. c4 d6 3. Nc3 e5 4. dxe5 dxe5 5. Qxd8+ Kxd8 6. Bg5 Nbd7 7. O-O-O c6
8. g3 Kc7 9. f4 Ng4 10. Nh3 f6 11. Bh4 Nc5 12. e4 Ne3 13. Nf2 Nxd1 14. Kxd1 Be7
15. f5 g5 0-1

[Event "34. Copenhagen Open (Politiken Cup)"]
[Site "Elsinore"]
[Date "2012.07.31"]
[Round "5"]
[White "Rewitz, Poul"]
[Black "Romanov, Evgeny"]
[Result "0-1"]
[WhiteElo "2239"]
[BlackElo "2623"]
[PlyCount "60"]
[EventDate "2012.07.28"]
[EventType "swiss"]
[EventRounds "10"]
[EventCountry "DEN"]
[Source "ChessBase"]
[SourceDate "2012.08.24"]

1. e4 e5 2. Nf3 Nc6 3. d4 exd4 4. Nxd4 Bc5 5. Nxc6 bxc6 6. Bd3 Qh4 7. Qf3 Nf6
8. Bf4 d6 9. Nd2 Nh5 10. Bg3 Nxg3 11. Qxg3 Qxg3 12. hxg3 a5 13. Nb3 Bb6 14. a4
Be6 15. Ra3 Ke7 16. Ke2 Rab8 17. f3 h5 18. c4 Ba7 19. Rb1 Kd7 20. f4 f6 21. Kd2
Bf2 22. Be2 Rb4 23. Rf1 Rhb8 24. Bd1 Ba7 25. Rh1 Bxc4 26. Nxa5 Rxb2+ 27. Bc2
Bf7 28. Rc3 Bd4 29. Rd3 Bb6 30. Nb3 Bxb3 0-1

[Event "34. Copenhagen Open (Politiken Cup)"]
[Site "Elsinore"]
[Date "2012.07.31"]
[Round "5"]
[White "Rorvik, Jon Fredrik"]
[Black "Petersen, Tom Petri"]
[Result "0-1"]
[WhiteElo "2149"]
[BlackElo "2360"]
[PlyCount "112"]
[EventDate "2012.07.28"]
[EventType "swiss"]
[EventRounds "10"]
[EventCountry "DEN"]
[Source "ChessBase"]
[SourceDate "2012.08.24"]

1. c4 g6 2. Nc3 Bg7 3. g3 e5 4. Bg2 Ne7 5. e4 O-O 6. Nge2 Nbc6 7. d3 d6 8. O-O
Be6 9. h3 Qd7 10. Kh2 f5 11. f4 Rf7 12. Nd5 Raf8 13. Be3 fxe4 14. dxe4 b6 15.
Qd2 Na5 16. Rac1 c6 17. Nxe7+ Qxe7 18. b3 Rd8 19. Rcd1 Rff8 20. Qc1 Nb7 21.
fxe5 dxe5 22. Rxd8 Qxd8 23. Rd1 Qe7 24. Qc2 Rd8 25. Rxd8+ Qxd8 26. Qd2 Qxd2 27.
Bxd2 Bf8 28. Bc3 Bd6 29. g4 h6 30. Kg3 a5 31. Nc1 Nc5 32. Kf3 Kf7 33. Bf1 Kf6
34. Nd3 Nxd3 35. Bxd3 Bb4 36. Bxb4 axb4 37. Kg3 Ke7 38. Kf3 Bf7 39. Be2 Kd6 40.
Ke3 Kc5 41. h4 g5 42. hxg5 hxg5 43. Bd3 Be6 44. Be2 Bc8 45. Bd1 Ba6 46. Be2 b5
47. cxb5 Bxb5 48. Bd1 Bf1 49. Bc2 Kb6 50. Kf2 Ba6 51. Ke3 c5 52. Bd1 c4 53. Bc2
Kc5 54. bxc4 Bxc4 55. Bb3 Ba6 56. Bd1 Bc8 0-1

[Event "34. Copenhagen Open (Politiken Cup)"]
[Site "Elsinore"]
[Date "2012.07.31"]
[Round "5"]
[White "Rosell, Sven"]
[Black "Nielsen, Michael1"]
[Result "1/2-1/2"]
[WhiteElo "1937"]
[BlackElo "2127"]
[PlyCount "112"]
[EventDate "2012.07.28"]
[EventType "swiss"]
[EventRounds "10"]
[EventCountry "DEN"]
[Source "ChessBase"]
[SourceDate "2012.08.24"]

1. c4 e5 2. Nc3 d6 3. Nf3 f5 4. d4 e4 5. Bg5 Qd7 6. Ng1 h6 7. Bd2 Nf6 8. e3 Qf7
9. Be2 c6 10. Qc2 Na6 11. h4 Be6 12. Qa4 Bd7 13. Qb3 Rb8 14. Nh3 Be7 15. Nf4
O-O 16. h5 Nc7 17. O-O-O Ne6 18. Ng6 Rfc8 19. Kb1 b5 20. cxb5 cxb5 21. Rc1 Bf8
22. Nd5 Nxd5 23. Qxd5 Nd8 24. Qxf7+ Kxf7 25. Bb4 Be7 26. Nxe7 Kxe7 27. f3 Nc6
28. Be1 Be6 29. Bh4+ Kd7 30. fxe4 fxe4 31. Bg3 a6 32. d5 Bxd5 33. Rcd1 Nb4 34.
Bg4+ Ke7 35. Bh4+ Ke8 36. Bxc8 Rxc8 37. Rc1 Bc4 38. b3 Bd3+ 39. Kb2 Nc2 40. Rh3
a5 41. a3 Rc5 42. Bf2 Kf7 43. Bg1 b4 44. axb4 axb4 45. Bh2 Rg5 46. Rxc2 Bxc2
47. Kxc2 Rxg2+ 48. Kb1 Ke6 49. Bf4 Rg1+ 50. Kc2 Rg2+ 51. Kc1 Rg1+ 52. Kc2 Rg2+
53. Kd1 Rg1+ 54. Kd2 Rg2+ 55. Kc1 Rg1+ 56. Kd2 Rg2+ 1/2-1/2

[Event "34. Copenhagen Open (Politiken Cup)"]
[Site "Elsinore"]
[Date "2012.07.31"]
[Round "5"]
[White "Schmidt, Horst Hubert"]
[Black "Olsen, Karsten Kierkegaard"]
[Result "1-0"]
[WhiteElo "1854"]
[BlackElo "1618"]
[PlyCount "40"]
[EventDate "2012.07.28"]
[EventType "swiss"]
[EventRounds "10"]
[EventCountry "DEN"]
[Source "ChessBase"]
[SourceDate "2012.08.24"]

1. e4 c6 2. g3 d5 3. Bg2 dxe4 4. Bxe4 Nf6 5. Bg2 g6 6. d3 Bg7 7. Nc3 O-O 8.
Nge2 Re8 9. O-O Bg4 10. h3 Bf5 11. g4 Bd7 12. Ng3 e5 13. Be3 Be6 14. Qd2 Nd5
15. Nxd5 cxd5 16. Bh6 Nc6 17. Bxg7 Kxg7 18. a3 Qc7 19. Qg5 f6 20. Nh5+ Kh8 1-0

[Event "34. Copenhagen Open (Politiken Cup)"]
[Site "Elsinore"]
[Date "2012.07.31"]
[Round "5"]
[White "Schmied, Andreas"]
[Black "Matthiesen, Martin"]
[Result "1/2-1/2"]
[WhiteElo "2067"]
[BlackElo "2285"]
[PlyCount "82"]
[EventDate "2012.07.28"]
[EventType "swiss"]
[EventRounds "10"]
[EventCountry "DEN"]
[Source "ChessBase"]
[SourceDate "2012.08.24"]

1. d4 Nf6 2. c4 g6 3. Nc3 Bg7 4. e4 d6 5. h3 O-O 6. Be3 e5 7. d5 Na6 8. Nf3 Nh5
9. a3 Qe8 10. b4 f5 11. Rc1 b6 12. c5 bxc5 13. Bb5 Qe7 14. Qa4 cxb4 15. axb4
Nb8 16. O-O a6 17. Bd3 f4 18. Bd2 Nd7 19. Qc2 Ndf6 20. Ng5 h6 21. Ne6 Bxe6 22.
dxe6 c6 23. Na4 f3 24. Qxc6 fxg2 25. Kxg2 Nf4+ 26. Bxf4 exf4 27. Nb6 f3+ 28.
Kxf3 Nd5+ 29. Ke2 Nf4+ 30. Kd2 Rab8 31. Nd7 Rbc8 32. Qa4 Qg5 33. Nxf8 Nxd3+ 34.
f4 Qg2+ 35. Kxd3 Qg3+ 36. Ke2 Qg2+ 37. Kd3 Qg3+ 38. Ke2 Qg2+ 39. Kd3 Qg3+ 40.
Ke2 Qg2+ 41. Kd3 Qg3+ 1/2-1/2

[Event "34. Copenhagen Open (Politiken Cup)"]
[Site "Elsinore"]
[Date "2012.07.31"]
[Round "5"]
[White "Schou Moldt, Thomas"]
[Black "Rasmussen, Lars"]
[Result "1-0"]
[WhiteElo "2222"]
[BlackElo "1957"]
[PlyCount "47"]
[EventDate "2012.07.28"]
[EventType "swiss"]
[EventRounds "10"]
[EventCountry "DEN"]
[Source "ChessBase"]
[SourceDate "2012.08.24"]

1. e4 c6 2. d3 d5 3. Nd2 e5 4. Ngf3 Bd6 5. g3 Nf6 6. Bg2 O-O 7. O-O b5 8. Re1
Re8 9. Nf1 Nbd7 10. exd5 cxd5 11. c4 bxc4 12. dxc4 Bb7 13. cxd5 Nb6 14. Ne3 Bc7
15. b3 Nbxd5 16. Nc4 e4 17. Nd4 Nb4 18. Be3 Nd3 19. Rf1 Nd5 20. Qh5 Nf6 21. Qh4
Qd5 22. Rad1 Nb4 23. Nc2 Qb5 24. a4 1-0

[Event "34. Copenhagen Open (Politiken Cup)"]
[Site "Elsinore"]
[Date "2012.07.31"]
[Round "5"]
[White "Sem Johansen, Asmund"]
[Black "Nielsen, Bjorn"]
[Result "1-0"]
[WhiteElo "1751"]
[BlackElo "1534"]
[PlyCount "69"]
[EventDate "2012.07.28"]
[EventType "swiss"]
[EventRounds "10"]
[EventCountry "DEN"]
[Source "ChessBase"]
[SourceDate "2012.08.24"]

1. c4 c5 2. Nc3 e6 3. e4 e5 4. d3 Nf6 5. f4 g6 6. fxe5 Nh5 7. Nf3 d6 8. exd6
Bxd6 9. Bg5 Be7 10. Qd2 Be6 11. O-O-O Nc6 12. Nd5 O-O 13. Bxe7 Nxe7 14. Qh6
Bxd5 15. cxd5 Kh8 16. g4 Ng8 17. Qe3 Nhf6 18. Qf4 Qd7 19. g5 Nh5 20. Qd2 Qg4
21. Qc3+ f6 22. gxf6 Qf4+ 23. Nd2 Qxf6 24. e5 Qg7 25. Kb1 Nf4 26. d6 Ne6 27.
Bg2 Rad8 28. Rde1 b6 29. Rhf1 Rxf1 30. Rxf1 Nh6 31. Bd5 Qd7 32. Ne4 Nf5 33. Nf6
Qc8 34. d7 Rxd7 35. Bxe6 1-0

[Event "34. Copenhagen Open (Politiken Cup)"]
[Site "Elsinore"]
[Date "2012.07.31"]
[Round "5"]
[White "Sjol, Henrik"]
[Black "Rydstrom, Tom"]
[Result "1/2-1/2"]
[WhiteElo "1878"]
[BlackElo "2046"]
[PlyCount "155"]
[EventDate "2012.07.28"]
[EventType "swiss"]
[EventRounds "10"]
[EventCountry "DEN"]
[Source "ChessBase"]
[SourceDate "2012.08.24"]

1. d4 d5 2. Nf3 Nf6 3. c4 c6 4. Nc3 Bg4 5. Ne5 Bf5 6. cxd5 Nxd5 7. Qb3 Qb6 8.
Nxd5 cxd5 9. Qxb6 axb6 10. e3 f6 11. Bb5+ Nd7 12. Bxd7+ Bxd7 13. Nxd7 Kxd7 14.
Bd2 e6 15. Ke2 Bd6 16. Rhc1 h5 17. h3 Ra4 18. Rc2 Rha8 19. a3 b5 20. Rac1 Rc4
21. Kd3 e5 22. dxe5 fxe5 23. f3 Rac8 24. Bc3 Ke6 25. b3 R4c6 26. Bb2 g5 27. Kd2
Kd7 28. Kd3 g4 29. hxg4 hxg4 30. Rxc6 bxc6 31. Rh1 c5 32. Rh7+ Kc6 33. Rh6 d4
34. exd4 cxd4 35. f4 exf4 36. Bxd4 Kc7 37. Rh7+ Kb8 38. Rh5 Bxa3 39. Rxb5+ Kc7
40. Be5+ Kc6 41. Ra5 Bc1 42. Ra4 Rf8 43. Ke4 Be3 44. Ra6+ Kb5 45. Rf6 Re8 46.
Rf5 Bc1 47. Kd3 Rd8+ 48. Ke4 Kb4 49. Bxf4 Bb2 50. Rf7 Kxb3 51. Kf5 Rg8 52. Be5
Bxe5 53. Kxe5 Kc3 54. Kf6 Kd3 55. Re7 g3 56. Kf5 Kd4 57. Kf4 Kd5 58. Re3 Kd6
59. Rxg3 Rf8+ 60. Kg4 Rg8+ 61. Kf3 Rf8+ 62. Ke2 Ke5 63. Re3+ Kd4 64. Rf3 Rg8
65. g3 Ra8 66. Rf4+ Ke5 67. Kf3 Rg8 68. Kg2 Rg5 69. Rf1 Rg8 70. Kf3 Rf8+ 71.
Ke2 Rg8 72. Rg1 Kf5 73. Kf3 Kg5 74. Ra1 Rf8+ 75. Kg2 Rf5 76. Ra4 Rf8 77. g4 Kh4
78. g5+ 1/2-1/2

[Event "34. Copenhagen Open (Politiken Cup)"]
[Site "Elsinore"]
[Date "2012.07.31"]
[Round "5"]
[White "Skjoldager, Mikael"]
[Black "Knudsen, Jes West"]
[Result "1-0"]
[WhiteElo "2077"]
[BlackElo "1918"]
[PlyCount "76"]
[EventDate "2012.07.28"]
[EventType "swiss"]
[EventRounds "10"]
[EventCountry "DEN"]
[Source "ChessBase"]
[SourceDate "2012.08.24"]

1. d4 f5 2. Nf3 Nf6 3. g3 g6 4. Bg2 Bg7 5. O-O O-O 6. b3 d5 7. Bb2 Ne4 8. c4 c6
9. Qc2 Na6 10. a3 Be6 11. Rd1 f4 12. Nbd2 fxg3 13. hxg3 Bf5 14. Qc1 Bh6 15. e3
Nxg3 16. fxg3 Bxe3+ 17. Kh1 Bg4 18. Rf1 Rf5 19. Qe1 Rh5+ 20. Nh2 Bg5 21. Ndf3
Bf6 22. Ne5 Bxe5 23. dxe5 dxc4 24. e6 Qd3 25. Be4 Qxb3 26. Qf2 Bxe6 27. Qd4
Qxb2 28. Qxb2 Nc5 29. Bf3 Rg5 30. Kg2 h5 31. Qd2 Re5 32. Rae1 Rf5 33. g4 Rf6
34. g5 Rf5 35. Rxe6 Nxe6 36. Be4 Rxg5+ 37. Kh1 Rd8 38. Qe3 Nf8 1-0

[Event "34. Copenhagen Open (Politiken Cup)"]
[Site "Elsinore"]
[Date "2012.07.31"]
[Round "5"]
[White "Stray, Gunnar"]
[Black "Nielsen, Rogvi Egilstoft"]
[Result "1/2-1/2"]
[WhiteElo "2035"]
[BlackElo "2203"]
[PlyCount "30"]
[EventDate "2012.07.28"]
[EventType "swiss"]
[EventRounds "10"]
[EventCountry "DEN"]
[Source "ChessBase"]
[SourceDate "2012.08.24"]

1. d4 Nf6 2. Nf3 e6 3. e3 b6 4. Bd3 Bb7 5. Nbd2 c5 6. b3 Nc6 7. a3 Rc8 8. Bb2
Bd6 9. c4 Bb8 10. Rc1 Qe7 11. Bb1 cxd4 12. exd4 d5 13. Qe2 Na5 14. c5 O-O 15.
O-O Bf4 1/2-1/2

[Event "34. Copenhagen Open (Politiken Cup)"]
[Site "Elsinore"]
[Date "2012.07.31"]
[Round "5"]
[White "Taksrud, Vidar"]
[Black "Henrichsen, Jens"]
[Result "1-0"]
[WhiteElo "2057"]
[BlackElo "1887"]
[PlyCount "73"]
[EventDate "2012.07.28"]
[EventType "swiss"]
[EventRounds "10"]
[EventCountry "DEN"]
[Source "ChessBase"]
[SourceDate "2012.08.24"]

1. d4 Nf6 2. c4 e6 3. Nf3 d5 4. Nc3 Be7 5. Qc2 c6 6. e3 Nbd7 7. Bd2 O-O 8. Bd3
Re8 9. O-O Bf8 10. e4 dxe4 11. Nxe4 Nxe4 12. Bxe4 Nf6 13. Bg5 h6 14. Bh7+ Kh8
15. Ne5 Qc7 16. Bf4 Bd6 17. Bd3 Bxe5 18. Bxe5 Qe7 19. Qe2 Kg8 20. Rae1 b6 21.
b4 a5 22. a3 axb4 23. axb4 Ra4 24. Rb1 Bb7 25. Bc2 Ra7 26. Rb3 Rea8 27. Rf3 c5
28. Rf4 Nd7 29. Rg4 f6 30. Qd3 g5 31. Bd6 Qg7 32. dxc5 f5 33. Rd4 Ra3 34. Qe2
e5 35. Rd2 bxc5 36. Bxf5 cxb4 37. Bxb4 1-0

[Event "34. Copenhagen Open (Politiken Cup)"]
[Site "Elsinore"]
[Date "2012.07.31"]
[Round "5"]
[White "Thogersen, Rasmus"]
[Black "Hoyer, Jacob K"]
[Result "0-1"]
[WhiteElo "1885"]
[BlackElo "2141"]
[PlyCount "142"]
[EventDate "2012.07.28"]
[EventType "swiss"]
[EventRounds "10"]
[EventCountry "DEN"]
[Source "ChessBase"]
[SourceDate "2012.08.24"]

1. e4 c6 2. d4 d5 3. Nc3 dxe4 4. Nxe4 Bf5 5. Ng3 Bg6 6. Bc4 e6 7. N1e2 Bd6 8.
h4 h6 9. Nf4 Bxf4 10. Bxf4 Nf6 11. h5 Bh7 12. Qe2 Qxd4 13. Be5 Qg4 14. Qxg4
Nxg4 15. Bxg7 Rg8 16. Bd4 Nd7 17. Bb3 O-O-O 18. O-O c5 19. Bc3 Nb6 20. Ba5 Ne5
21. Rfe1 Nc6 22. Bxb6 axb6 23. c3 Rd2 24. Ne4 Bxe4 25. Rxe4 Rxb2 26. Rxe6 Rxb3
27. Rxc6+ bxc6 28. axb3 Rg5 29. Ra7 Rxh5 30. Rxf7 c4 31. bxc4 Rc5 32. Rf4 Kd7
33. Re4 Ra5 34. f4 Ra3 35. f5 Rxc3 36. f6 Ra3 37. Re5 Ra8 38. Rh5 Rh8 39. g4
Rg8 40. Kf2 Rxg4 41. c5 Rf4+ 42. Ke3 Rxf6 43. cxb6 Kc8 44. Kd4 Rg6 45. Rh1 Kb7
46. Kc5 Rg5+ 47. Kc4 h5 48. Rb1 h4 49. Rh1 Rh5 50. Rh3 Kxb6 51. Rb3+ Kc7 52.
Rh3 Kd6 53. Kd4 Rh6 54. Ke4 Kc5 55. Kd3 Kb4 56. Kc2 c5 57. Rb3+ Kc4 58. Rh3 Kd4
59. Kd2 c4 60. Kc2 Ke4 61. Kd2 Kd4 62. Kc2 Kc5 63. Kc3 Rh5 64. Kc2 Kb4 65. Kb2
Rh8 66. Kc2 Rh7 67. Kb2 Rh5 68. Kc2 c3 69. Kc1 Kb3 70. Kb1 Rg5 71. Rh1 h3 0-1

[Event "34. Copenhagen Open (Politiken Cup)"]
[Site "Elsinore"]
[Date "2012.07.31"]
[Round "5"]
[White "Valembois, Pierre"]
[Black "Kyrkjebo, Marte Bakken"]
[Result "0-1"]
[WhiteElo "1292"]
[BlackElo "1632"]
[PlyCount "100"]
[EventDate "2012.07.28"]
[EventType "swiss"]
[EventRounds "10"]
[EventCountry "DEN"]
[Source "ChessBase"]
[SourceDate "2012.08.24"]

1. g4 d5 2. h3 e5 3. Bg2 Nc6 4. c4 Be6 5. d3 dxc4 6. Qa4 Bd5 7. Bxd5 Qxd5 8.
Nf3 cxd3 9. Nc3 Qe6 10. Nb5 Bd6 11. Ng5 Qd5 12. e4 Qc5 13. Qb3 Qb4+ 14. Bd2
Qxb3 15. axb3 h6 16. Nf3 Nf6 17. Ra4 a6 18. Nxd6+ cxd6 19. Bb4 b5 20. Bxd6 bxa4
21. bxa4 Nxe4 22. Bxe5 Nxe5 23. Nxe5 d2+ 24. Ke2 Rc8 25. b3 Rc1 26. Rd1 Nc3+
27. Kxd2 Rxd1+ 28. Kxc3 Ke7 29. Nc6+ Ke6 30. Nb4 a5 31. Kc2 axb4 32. Kxd1 Rc8
33. Kd2 Rc3 34. f4 Rxb3 35. f5+ Ke5 36. a5 Ra3 37. h4 Rxa5 38. g5 hxg5 39. h5
Rc5 40. f6 Kxf6 41. Ke3 b3 42. Kd4 Rc8 43. Kd5 b2 44. h6 gxh6 45. Kd6 b1=Q 46.
Kd7 Qb7+ 47. Kd6 Rd8+ 48. Kc5 Qc7+ 49. Kb5 Rb8+ 50. Ka6 Qb6# 0-1

[Event "34. Copenhagen Open (Politiken Cup)"]
[Site "Elsinore"]
[Date "2012.07.31"]
[Round "5"]
[White "Vesterli, Michael E"]
[Black "Hoel, Jorgen"]
[Result "1-0"]
[WhiteElo "2029"]
[BlackElo "1848"]
[PlyCount "67"]
[EventDate "2012.07.28"]
[EventType "swiss"]
[EventRounds "10"]
[EventCountry "DEN"]
[Source "ChessBase"]
[SourceDate "2012.08.24"]

1. d4 d5 2. c4 c6 3. Nc3 Nf6 4. Nf3 e6 5. Bg5 dxc4 6. e4 b5 7. e5 h6 8. Bh4 g5
9. Nxg5 hxg5 10. Bxg5 Nbd7 11. exf6 Bb7 12. g3 Qb6 13. Bg2 O-O-O 14. O-O Bh6
15. Bxh6 Rxh6 16. Ne4 c5 17. a4 Bxe4 18. Bxe4 Nxf6 19. Bg2 Rxd4 20. Qf3 b4 21.
a5 Qc7 22. a6 Nd5 23. Rfc1 Rf6 24. Qe2 c3 25. Bxd5 exd5 26. bxc3 Re4 27. Qd3 b3
28. Qxd5 Re2 29. Rd1 Rfxf2 30. Qa8+ Qb8 31. Rd8+ Kxd8 32. Qxb8+ Ke7 33. Qxa7+
Kf6 34. Rf1 1-0